«Музыка на костях»; Научная инициатива иностранных студентов и аспирантов

Бібліографічні деталі
Parent link:Научная инициатива иностранных студентов и аспирантов.— 2022.— [С. 352-355]
Автор: Палацоло Марика
Співавтор: Национальный исследовательский Томский политехнический университет Школа базовой инженерной подготовки Отделение русского языка
Інші автори: Хустенко А. А. Анастасия Анатольевна (научный руководитель)
Резюме:Заглавие с экрана
Мова:Російська
Опубліковано: 2022
Серія:Актуальные проблемы социально-гуманитарных наук
Предмети:
Онлайн доступ:http://earchive.tpu.ru/handle/11683/73064
Формат: Електронний ресурс Частина з книги
KOHA link:https://koha.lib.tpu.ru/cgi-bin/koha/opac-detail.pl?biblionumber=634859

MARC

LEADER 00000naa2a2200000 4500
001 634859
005 20231101133831.0
035 |a (RuTPU)RU\TPU\conf\36677 
035 |a RU\TPU\conf\36676 
090 |a 634859 
100 |a 20220922d2022 k y0rusy50 ca 
101 0 |a rus 
102 |a RU 
105 |a y z 101zy 
135 |a drgn ---uucaa 
181 0 |a i  
182 0 |a b 
200 1 |a «Музыка на костях»  |f Палацоло Марика  |g науч. рук. А. А. Хустенко 
203 |a Текст  |c электронный 
225 1 |a Актуальные проблемы социально-гуманитарных наук 
230 |a 1 компьютерный файл (pdf; 294 Kb) 
300 |a Заглавие с экрана 
320 |a [Библиогр.: с. 354-355 (6 назв.)] 
463 0 |0 (RuTPU)RU\TPU\conf\36575  |t Научная инициатива иностранных студентов и аспирантов  |o сборник докладов II Международной научно-практической конференции, Томск, 26-28 апреля 2022 г.  |f Национальный исследовательский Томский политехнический университет. Школа базовой инженерной подготовки  |v [С. 352-355]  |d 2022 
610 1 |a электронный ресурс 
610 1 |a труды учёных ТПУ 
610 1 |a музыка 
610 1 |a рентгеновские снимки 
610 1 |a пластинки 
610 1 |a гравировка 
610 1 |a звуковые материалы 
610 1 |a рентгениздат 
700 0 |a Палацоло Марика 
702 1 |a Хустенко  |b А. А.  |c специалист в области филологии  |c инженер-исследовательТомского политехнического университета  |f 1982-  |g Анастасия Анатольевна  |2 stltpush  |4 727 
712 0 2 |a Национальный исследовательский Томский политехнический университет  |b Школа базовой инженерной подготовки  |b Отделение русского языка  |h 8030  |2 stltpush  |3 (RuTPU)RU\TPU\col\23517 
801 2 |a RU  |b 63413507  |c 20221011  |g RCR 
856 4 |u http://earchive.tpu.ru/handle/11683/73064 
942 |c BK